[Event "MCRE_CF04"]
[Site "?"]
[Date "2005.??.??"]
[Round "?"]
[White "Bednarik, Radovan"]
[Black "Berko, Michal"]
[Result "0-1"]
[WhiteElo "2201"]
[BlackElo "2064"]
[PlyCount "114"]
[EventDate "2005.??.??"]
[EventType "corr"]
[EventRounds "2"]
[SourceDate "2004.06.03"]

1. d4 Nf6 2. c4 c5 3. d5 b5 4. cxb5 a6 5. bxa6 Bxa6 6. Nc3 g6 7. Nf3 Bg7 8. g3
Qb6 9. Bg2 O-O 10. O-O d6 11. Re1 Nbd7 12. Rb1 Qb7 13. b3 Rfc8 14. Qd2 Qb4 15.
a3 Qa5 16. h3 Rcb8 17. Qc2 Rb7 18. Bb2 h5 19. Nd2 Ne8 20. f4 Qc7 21. Kh1 Rab8
22. Rbc1 Bf6 23. e4 h4 24. gxh4 Bxh4 25. Re3 Ra7 26. Ncb1 Ng7 27. Qc3 Nf6 28.
Bf1 Qb7 29. Nc4 Qa8 30. Kg1 Nfh5 31. Rf3 f5 32. Qc2 fxe4 33. Qxe4 Nf5 34. Qe6+
Kh7 35. Bd3 Rf8 36. Nb6 Qd8 37. Bxa6 Bf6 38. Bxf6 Rxf6 39. Qe4 Rxa6 40. Nc4 Nd4
41. Re3 e6 42. dxe6 d5 43. e7 Qe8 44. Qxd5 Nxf4 45. Qb7 Nfe2+ 46. Kh1 Nxc1 47.
Nc3 Nf5 48. Re5 Nd3 49. Rd5 Nd4 50. Ne4 Nf2+ 51. Nxf2 Rxf2 52. Kg1 Rf7 53. Ne5
Qxe7 54. Rd7 Qg5+ 55. Kh1 Qc1+ 56. Kh2 Qd2+ 57. Kh1 Qe1+ 0-1

[Event "MCRE_CF04"]
[Site "?"]
[Date "2005.??.??"]
[Round "?"]
[White "Bednarik, Radovan"]
[Black "Binas, Jindrich"]
[Result "1/2-1/2"]
[WhiteElo "2201"]
[BlackElo "2114"]
[PlyCount "58"]
[EventDate "2005.??.??"]
[EventType "corr"]
[EventRounds "2"]
[SourceDate "2004.06.03"]

1. d4 Nf6 2. c4 e6 3. Nf3 b6 4. e3 Bb7 5. Bd3 d5 6. cxd5 exd5 7. Nc3 Bd6 8. O-O
O-O 9. Qc2 c5 10. Nb5 Be7 11. a3 a6 12. Nc3 Re8 13. b3 Nbd7 14. Bb2 Bd6 15.
Rfd1 g6 16. Nb1 Rc8 17. Nc3 cxd4 18. Nxd4 Nc5 19. Rac1 Nce4 20. Bxe4 dxe4 21.
Nde2 Qe7 22. Rd4 Ng4 23. h3 Qh4 24. Nf4 Bxf4 25. exf4 e3 26. fxe3 Nxe3 27. Qf2
Nxg2 28. Qxh4 Nxh4 29. Rd6 b5 1/2-1/2

[Event "MCRE_CF04"]
[Site "?"]
[Date "2005.??.??"]
[Round "?"]
[White "Bednarik, Radovan"]
[Black "Blecha, Miroslav"]
[Result "1-0"]
[WhiteElo "2201"]
[BlackElo "2200"]
[PlyCount "83"]
[EventDate "2005.??.??"]
[EventType "corr"]
[EventRounds "2"]
[SourceDate "2004.06.03"]

1. d4 Nf6 2. c4 c5 3. d5 e6 4. Nc3 exd5 5. cxd5 d6 6. e4 g6 7. Bd3 Bg7 8. Nf3
O-O 9. O-O Bg4 10. h3 Bxf3 11. Qxf3 Nbd7 12. Qe2 Re8 13. Bf4 Ne5 14. Bc2 a6 15.
Bg5 b5 16. f4 Ned7 17. Qf3 c4 18. Rae1 b4 19. Nd1 Qa5 20. Bb1 Rac8 21. Re2 Qb6+
22. Ne3 c3 23. b3 Qd4 24. Rd1 Qc5 25. Bh4 Nb6 26. Bf2 Qa5 27. Nc2 Nfd7 28. Nd4
Nb8 29. Bd3 N6d7 30. Rde1 Qc7 31. Nc2 Qb7 32. Ne3 Nb6 33. Qg3 N8d7 34. Nc2 a5
35. Bb5 Re7 36. Nd4 Nb8 37. Bd3 Rce8 38. h4 a4 39. Bb5 Rc8 40. bxa4 N6d7 41.
Nc2 Nc5 42. h5 1-0

[Event "MCRE_CF04"]
[Site "?"]
[Date "2005.??.??"]
[Round "?"]
[White "Bednarik, Radovan"]
[Black "Fric, Pavel"]
[Result "0-1"]
[WhiteElo "2001"]
[BlackElo "2000"]
[PlyCount "78"]
[EventDate "2005.??.??"]
[EventType "corr"]
[EventRounds "2"]
[SourceDate "2004.06.03"]

1. d4 d5 2. c4 e5 3. dxe5 d4 4. Nf3 Nc6 5. g3 Bf5 6. Bg2 Qd7 7. O-O Nge7 8. Qb3
O-O-O 9. Rd1 Na5 10. Qb5 Nec6 11. b3 Bc2 12. Rd2 a6 13. Qa4 Qf5 14. c5 Bxc5 15.
Nh4 Qxe5 16. Rxc2 d3 17. Rxc5 Qxc5 18. Bd2 Rd4 19. Qa3 Qxa3 20. Nxa3 dxe2 21.
Nb1 e1=Q+ 22. Bxe1 Rd1 23. Bh3+ Kb8 24. Ng2 Nd4 25. Kf1 Nac6 26. Ne3 Rc1 27.
Bg4 Rd8 28. f4 Nb4 29. Bd1 Nf5 30. Bxb4 Nxe3+ 31. Ke2 Nf5 32. Ba3 Rcxd1 33. g4
Nh6 34. Be7 R8d7 35. h3 Rh1 36. Bc5 Rdd1 37. Bf8 Rxb1 38. Rxb1 Rxb1 39. Bxg7
Ng8 0-1

[Event "MCRE_CF04"]
[Site "?"]
[Date "2005.??.??"]
[Round "?"]
[White "Bednarik, Radovan"]
[Black "Houska, Jiri"]
[Result "0-1"]
[WhiteElo "2201"]
[BlackElo "2000"]
[PlyCount "70"]
[EventDate "2005.??.??"]
[EventType "corr"]
[EventRounds "2"]
[SourceDate "2004.06.03"]

1. d4 Nf6 2. c4 g6 3. Nc3 Bg7 4. e4 O-O 5. Bd3 d6 6. Nf3 Bg4 7. O-O Nc6 8. Be2
Nd7 9. Be3 e5 10. d5 Bxf3 11. Bxf3 Nd4 12. Bg4 f5 13. Bh3 Qe7 14. exf5 Nxf5 15.
Bd2 Nc5 16. Qg4 e4 17. Rae1 Rae8 18. a3 Qe5 19. Nxe4 Nxe4 20. Bc3 Qe7 21. Bxg7
Nxg7 22. f3 Qf6 23. fxe4 Qxb2 24. Rxf8+ Rxf8 25. Qg3 Nh5 26. Qe3 Nf4 27. Kh1
Qc2 28. Qc1 Qxc1 29. Rxc1 b6 30. Rf1 Nxh3 31. Rxf8+ Kxf8 32. gxh3 Ke7 33. Kg2
Kf6 34. Kf3 Ke5 35. Ke3 g5 0-1

[Event "MCRE_CF04"]
[Site "?"]
[Date "2005.??.??"]
[Round "?"]
[White "Bednarik, Radovan"]
[Black "Janocko, Petr"]
[Result "0-1"]
[WhiteElo "2201"]
[BlackElo "2200"]
[PlyCount "82"]
[EventDate "2005.??.??"]
[EventType "corr"]
[EventRounds "2"]
[SourceDate "2004.06.03"]

1. d4 Nf6 2. c4 e6 3. Nf3 b6 4. e3 Bb7 5. Bd3 Be7 6. O-O O-O 7. Nc3 d5 8. cxd5
exd5 9. Nh4 Re8 10. Nf5 Bf8 11. Qf3 Ba6 12. Bxa6 Nxa6 13. Bd2 Qd7 14. a3 Qe6
15. Qf4 c5 16. Rae1 Rac8 17. f3 Nh5 18. Qg5 Qg6 19. e4 Nc7 20. Nxd5 Nxd5 21.
exd5 h6 22. Qxg6 fxg6 23. Nh4 Kf7 24. f4 Nf6 25. f5 g5 26. Ng6 cxd4 27. Rxe8
Rxe8 28. Nxf8 Kxf8 29. d6 Re5 30. Rc1 Rxf5 31. Rc7 a5 32. Rb7 Rd5 33. Rxb6 Ne4
34. Bxa5 d3 35. a4 d2 36. Bxd2 Rxd2 37. g3 Nxd6 38. b4 Nc4 39. Rb7 g4 40. a5
Ne3 41. Rc7 Rg2+ 0-1

[Event "MCRE_CF04"]
[Site "?"]
[Date "2005.??.??"]
[Round "?"]
[White "Berko, Michal"]
[Black "Bednarik, Radovan"]
[Result "0-1"]
[WhiteElo "2064"]
[BlackElo "2201"]
[PlyCount "114"]
[EventDate "2005.??.??"]
[EventType "corr"]
[EventRounds "2"]
[SourceDate "2004.06.03"]

1. Nf3 d5 2. d4 Nf6 3. c4 e6 4. Bg5 h6 5. Bxf6 Qxf6 6. Nbd2 Be7 7. Qb3 dxc4 8.
Qxc4 Nc6 9. e3 O-O 10. Be2 Rd8 11. Rd1 Qf5 12. a3 a6 13. O-O Bd6 14. Bd3 Qh5
15. Ne4 Bd7 16. Rd2 Rac8 17. Qb3 Na5 18. Qc3 Nc6 19. Nc5 Rb8 20. Be2 Qg6 21.
Rfd1 Be8 22. Ne5 Bxe5 23. dxe5 Rxd2 24. Rxd2 Ne7 25. Bd3 Qh5 26. Bc2 Nd5 27.
Qd4 Ne7 28. f4 Nf5 29. Qc3 Bb5 30. a4 Bc6 31. Nxa6 Ra8 32. Nxc7 Rc8 33. Qd3 Qh4
34. g3 Qe7 35. Nb5 Bxb5 36. axb5 g6 37. g4 Ng7 38. Bd1 Kh7 39. Bf3 b6 40. Kg2
Qh4 41. Qe2 Qe7 42. Rd6 Qa7 43. Qd2 Rc5 44. Rxe6 Nxe6 45. b4 Rc8 46. h4 Qa4 47.
Kg3 Qxb5 48. Be2 Qc6 49. Qe1 Qc3 50. Qxc3 Rxc3 51. Kf2 Nc7 52. Bf3 Rb3 53. Ke2
Rxb4 54. Kd2 Ra4 55. h5 g5 56. Bd1 Ra2+ 57. Bc2+ Kg7 0-1

[Event "MCRE_CF04"]
[Site "?"]
[Date "2005.??.??"]
[Round "?"]
[White "Berko, Michal"]
[Black "Binas, Jindrich"]
[Result "1/2-1/2"]
[WhiteElo "2064"]
[BlackElo "2114"]
[PlyCount "38"]
[EventDate "2005.??.??"]
[EventType "corr"]
[EventRounds "2"]
[SourceDate "2004.06.03"]

1. c4 e5 2. Nc3 Nf6 3. Nf3 Nc6 4. d4 exd4 5. Nxd4 Bb4 6. Nxc6 dxc6 7. Qxd8+
Kxd8 8. f3 Be6 9. e4 Ke7 10. Bf4 Nd7 11. Bxc7 Nb6 12. a3 Bxc3+ 13. bxc3 Nxc4
14. Bxc4 Bxc4 15. O-O-O Rac8 16. Bd6+ Ke6 17. f4 c5 18. f5+ Kf6 19. Kd2 g6
1/2-1/2

[Event "MCRE_CF04"]
[Site "?"]
[Date "2005.??.??"]
[Round "?"]
[White "Berko, Michal"]
[Black "Blecha, Miroslav"]
[Result "1/2-1/2"]
[WhiteElo "2064"]
[BlackElo "2200"]
[PlyCount "55"]
[EventDate "2005.??.??"]
[EventType "corr"]
[EventRounds "2"]
[SourceDate "2004.06.03"]

1. Nf3 Nf6 2. c4 g6 3. d4 Bg7 4. Nc3 O-O 5. e4 d6 6. Be2 e5 7. dxe5 dxe5 8.
Qxd8 Rxd8 9. Bg5 c6 10. Nxe5 Re8 11. O-O-O Na6 12. f4 h6 13. Bxf6 Bxf6 14. Rd6
Kg7 15. a3 Bxe5 16. fxe5 Rxe5 17. b4 c5 18. b5 Nc7 19. Rhd1 b6 20. h4 g5 21.
hxg5 hxg5 22. R6d3 Ne6 23. Rd5 Rxd5 24. cxd5 Nf4 25. Rh1 Nxe2+ 26. Nxe2 a6 27.
bxa6 Rxa6 28. Kb2 1/2-1/2

[Event "MCRE_CF04"]
[Site "?"]
[Date "2005.??.??"]
[Round "?"]
[White "Berko, Michal"]
[Black "Fric, Pavel"]
[Result "0-1"]
[WhiteElo "2064"]
[BlackElo "2000"]
[PlyCount "148"]
[EventDate "2005.??.??"]
[EventType "corr"]
[EventRounds "2"]
[SourceDate "2004.06.03"]

1. Nf3 Nf6 2. c4 b6 3. e3 Bb7 4. d4 e6 5. Bd3 d5 6. cxd5 exd5 7. Nc3 Bd6 8. Nh4
g6 9. Nf3 Nbd7 10. Nb5 Be7 11. Qc2 c5 12. dxc5 Nxc5 13. O-O Nxd3 14. Qxd3 O-O
15. b3 a6 16. Nbd4 Ne4 17. Rd1 Rc8 18. Bb2 b5 19. Rac1 Qa5 20. a3 b4 21. axb4
Bxb4 22. Ne2 Rfd8 23. Ra1 Qb6 24. Rdc1 a5 25. Qd1 Rxc1 26. Rxc1 f6 27. Nf4 Bd6
28. Nxd5 Qb5 29. Nf4 a4 30. Nd4 Qb6 31. Ba1 a3 32. Qd3 Qb4 33. f3 Nc5 34. Qc2
Rc8 35. Bc3 Qb6 36. Nfe2 Bd5 37. b4 Ne6 38. Qd2 Nxd4 39. Nxd4 a2 40. b5 Be5 41.
Ra1 Bxd4 42. Bxd4 Qxb5 43. Re1 Rc6 44. Bc3 Bf7 45. Bd4 Qb1 46. Rf1 Kg7 47. h3
Rc2 48. Qa5 Qb7 49. Qg5 Qa6 50. Qh4 Qd6 51. Rd1 Bd5 52. Kh1 Bc6 53. Kg1 h6 54.
Rf1 Re2 55. Ba1 Rxe3 56. Qf2 Qe6 57. Kh1 g5 58. Qb2 Re5 59. Kh2 Re2 60. Qb4 Bd5
61. Qc5 Kg6 62. Qa3 Kh5 63. Qd3 f5 64. Rd1 Bc4 65. Qd4 Qc6 66. Kg1 Bb3 67. Rf1
Qc2 68. g4+ fxg4 69. Qxg4+ Kg6 70. h4 Be6 71. Qg3 Qc5+ 72. Kh1 Bd5 73. Bh8 Qc4
74. hxg5 Bxf3+ 0-1

[Event "MCRE_CF04"]
[Site "?"]
[Date "2005.??.??"]
[Round "?"]
[White "Berko, Michal"]
[Black "Houska, Jiri"]
[Result "0-1"]
[WhiteElo "2064"]
[BlackElo "2000"]
[PlyCount "58"]
[EventDate "2005.??.??"]
[EventType "corr"]
[EventRounds "2"]
[SourceDate "2004.06.03"]

1. Nf3 Nf6 2. c4 g6 3. Nc3 Bg7 4. e4 d6 5. d4 O-O 6. Be2 e5 7. d5 a5 8. Bg5 h6
9. Bh4 Na6 10. Nd2 Qe8 11. a3 Bd7 12. b3 Nh7 13. O-O f5 14. f4 exf4 15. Qc2 Nc5
16. Rac1 Ng5 17. Rxf4 Bd4+ 18. Bf2 Qe5 19. Bxd4 Qxd4+ 20. Kh1 fxe4 21. Rff1 Nd3
22. Bxd3 exd3 23. Qd1 Rxf1+ 24. Qxf1 Re8 25. Qg1 Qf4 26. Ncb1 Re2 27. Rf1 Qg4
28. Rf2 Qh4 29. g3 Nh3 0-1

[Event "MCRE_CF04"]
[Site "?"]
[Date "2005.??.??"]
[Round "?"]
[White "Berko, Michal"]
[Black "Janocko, Petr"]
[Result "0-1"]
[WhiteElo "2064"]
[BlackElo "2200"]
[PlyCount "28"]
[EventDate "2005.??.??"]
[EventType "corr"]
[EventRounds "2"]
[SourceDate "2004.06.03"]

1. Nf3 Nf6 2. c4 e6 3. d4 b6 4. a3 Bb7 5. Nc3 d5 6. Bg5 Be7 7. Bxf6 Bxf6 8.
cxd5 exd5 9. e3 O-O 10. Be2 c5 11. Rc1 Qd7 12. dxc5 bxc5 13. Nxd5 Bxd5 14. Qxd5
Qxd5 0-1

[Event "MCRE_CF04"]
[Site "?"]
[Date "2005.??.??"]
[Round "?"]
[White "Binas, Jindrich"]
[Black "Bednarik, Radovan"]
[Result "0-1"]
[WhiteElo "2114"]
[BlackElo "2201"]
[PlyCount "50"]
[EventDate "2005.??.??"]
[EventType "corr"]
[EventRounds "2"]
[SourceDate "2004.06.03"]

1. e4 d5 2. exd5 Nf6 3. d4 Nxd5 4. Nf3 Bg4 5. Be2 e6 6. Ne5 Bxe2 7. Qxe2 Bd6 8.
O-O Bxe5 9. dxe5 Nc6 10. Rd1 Qh4 11. g3 Qh3 12. c4 Nb6 13. Nc3 Nd7 14. f4 O-O-O
15. Qg2 Qg4 16. Qe2 h5 17. b3 Qg6 18. Qe4 f5 19. exf6 Qxf6 20. Bb2 h4 21. Na4
Qe7 22. g4 h3 23. Rd3 Rh4 24. Rg3 Nf6 25. Bxf6 gxf6 0-1

[Event "MCRE_CF04"]
[Site "?"]
[Date "2005.??.??"]
[Round "?"]
[White "Binas, Jindrich"]
[Black "Berko, Michal"]
[Result "1/2-1/2"]
[WhiteElo "2114"]
[BlackElo "2064"]
[PlyCount "41"]
[EventDate "2005.??.??"]
[EventType "corr"]
[EventRounds "2"]
[SourceDate "2004.06.03"]

1. e4 e5 2. Nf3 Nf6 3. Nxe5 d6 4. Nf3 Nxe4 5. d4 d5 6. Bd3 Be7 7. O-O O-O 8. c4
Nf6 9. Nc3 Nc6 10. h3 Nb4 11. Be2 dxc4 12. Bxc4 c6 13. Ne5 Bf5 14. Qf3 Be6 15.
Bxe6 fxe6 16. Qe2 Qxd4 17. Rd1 Qh4 18. Nf3 Qh5 19. Qxe6+ Qf7 20. Qxf7+ Rxf7 21.
Ng5 1/2-1/2

[Event "MCRE_CF04"]
[Site "?"]
[Date "2005.??.??"]
[Round "?"]
[White "Binas, Jindrich"]
[Black "Blecha, Miroslav"]
[Result "1/2-1/2"]
[WhiteElo "2114"]
[BlackElo "2200"]
[PlyCount "43"]
[EventDate "2005.??.??"]
[EventType "corr"]
[EventRounds "2"]
[SourceDate "2004.06.03"]

1. e4 c5 2. Bc4 e6 3. Qe2 Nc6 4. c3 g6 5. Nf3 Bg7 6. O-O Nge7 7. d3 O-O 8. e5
Nf5 9. Bg5 Qb6 10. g4 Nfe7 11. Bf6 d5 12. Bb3 h6 13. h4 a5 14. Na3 a4 15. Bd1
Bd7 16. Qd2 Kh7 17. Re1 Bxf6 18. exf6 Nc8 19. g5 h5 20. Rb1 Nd6 21. Bc2 Rfc8
22. Qd1 1/2-1/2

[Event "MCRE_CF04"]
[Site "?"]
[Date "2005.??.??"]
[Round "?"]
[White "Binas, Jindrich"]
[Black "Fric, Pavel"]
[Result "0-1"]
[WhiteElo "2114"]
[BlackElo "2000"]
[PlyCount "26"]
[EventDate "2005.??.??"]
[EventType "corr"]
[EventRounds "2"]
[SourceDate "2004.06.03"]

1. e4 c5 2. Bc4 e6 3. Qe2 Nc6 4. c3 Be7 5. Bb3 d5 6. e5 f6 7. f4 Nh6 8. exf6
Bxf6 9. d3 O-O 10. Nf3 b5 11. O-O a5 12. a4 b4 13. Kh1 Qd6 0-1

[Event "MCRE_CF04"]
[Site "?"]
[Date "2005.??.??"]
[Round "?"]
[White "Binas, Jindrich"]
[Black "Houska, Jiri"]
[Result "0-1"]
[WhiteElo "2114"]
[BlackElo "2000"]
[PlyCount "38"]
[EventDate "2005.??.??"]
[EventType "corr"]
[EventRounds "2"]
[SourceDate "2004.06.03"]

1. e4 c5 2. Bc4 Nc6 3. Nf3 e6 4. Qe2 Nge7 5. O-O g6 6. d3 Bg7 7. c3 O-O 8. Bb3
d5 9. e5 b5 10. Re1 a5 11. Bg5 h6 12. Bf6 Bxf6 13. exf6 Nf5 14. g4 Nd6 15. Qe3
Qxf6 16. Bd1 d4 17. Qxh6 a4 18. Ng5 Qg7 19. Qh3 a3 0-1

[Event "MCRE_CF04"]
[Site "?"]
[Date "2005.??.??"]
[Round "?"]
[White "Binas, Jindrich"]
[Black "Janocko, Petr"]
[Result "1-0"]
[WhiteElo "2114"]
[BlackElo "2200"]
[PlyCount "49"]
[EventDate "2005.??.??"]
[EventType "corr"]
[EventRounds "2"]
[SourceDate "2004.06.03"]

1. e4 d5 2. exd5 Qxd5 3. Nc3 Qa5 4. d4 Nf6 5. Nf3 c6 6. Bc4 Bg4 7. h3 Bh5 8. g4
Bg6 9. Bd2 e6 10. Ne5 Nbd7 11. Nxg6 hxg6 12. g5 Nh7 13. Ne4 Qc7 14. Qf3 Nb6 15.
Bb3 Nc8 16. O-O-O Nd6 17. Nc5 Nf5 18. Bxe6 fxe6 19. Nxe6 Qb6 20. Rhe1 Kf7 21.
Re5 Bb4 22. Bxb4 Qxb4 23. a3 Qb6 24. d5 Qa5 25. b4 1-0

[Event "MCRE_CF04"]
[Site "?"]
[Date "2005.??.??"]
[Round "?"]
[White "Blecha, Miroslav"]
[Black "Bednarik, Radovan"]
[Result "1-0"]
[WhiteElo "2200"]
[BlackElo "2201"]
[PlyCount "101"]
[EventDate "2005.??.??"]
[EventType "corr"]
[EventRounds "2"]
[SourceDate "2004.06.03"]

1. e4 d5 2. exd5 Nf6 3. d4 Nxd5 4. c4 Nb6 5. Nf3 Bg4 6. c5 N6d7 7. Bc4 e6 8.
Be3 Be7 9. h3 Bf5 10. Nc3 O-O 11. Qe2 Nc6 12. O-O-O Na5 13. Bd3 Bxd3 14. Qxd3
b6 15. d5 Nxc5 16. Qc2 e5 17. Nxe5 Bd6 18. Nf3 Nc4 19. Bd4 Qd7 20. h4 Rae8 21.
Ng5 f5 22. g3 Ne5 23. Kb1 h6 24. Bxc5 bxc5 25. Ne6 Rf6 26. Rhe1 c4 27. Nf4 Rb8
28. h5 Rb4 29. Re2 Rf8 30. Qd2 Rfb8 31. Qd4 a5 32. Rxe5 Rxb2+ 33. Ka1 Bxe5 34.
Qxe5 Rxf2 35. Rb1 Rxb1+ 36. Kxb1 Rf1+ 37. Kc2 Rf2+ 38. Kd1 Rf3 39. Ng6 Qf7 40.
Ke2 Rd3 41. Nb5 Kh7 42. Nxc7 f4 43. Qxf4 Qf6 44. Qxf6 gxf6 45. Nf4 Ra3 46. d6
Rxa2+ 47. Kd1 Rb2 48. d7 Rb8 49. Nfe6 a4 50. Nb5 f5 51. Kc2 1-0

[Event "MCRE_CF04"]
[Site "?"]
[Date "2005.??.??"]
[Round "?"]
[White "Blecha, Miroslav"]
[Black "Berko, Michal"]
[Result "1-0"]
[WhiteElo "2200"]
[BlackElo "2064"]
[PlyCount "103"]
[EventDate "2005.??.??"]
[EventType "corr"]
[EventRounds "2"]
[SourceDate "2004.06.03"]

1. e4 e5 2. Nf3 Nf6 3. Nxe5 d6 4. Nf3 Nxe4 5. Nc3 Nf6 6. d4 Be7 7. Bd3 O-O 8.
h3 d5 9. O-O c6 10. Bf4 Nbd7 11. Qd2 Re8 12. Rae1 b5 13. Re3 b4 14. Na4 Ne4 15.
Bxe4 dxe4 16. Rxe4 Nf6 17. Re5 Nd7 18. Re3 Nb6 19. Nxb6 axb6 20. c4 bxc3 21.
Qxc3 c5 22. Rfe1 Be6 23. a3 Qd7 24. Qd2 Red8 25. dxc5 Qxd2 26. Nxd2 bxc5 27.
Ne4 h6 28. Be5 c4 29. Bc3 Kf8 30. g4 Bd5 31. f4 Bc6 32. Kf1 Rd3 33. Rxd3 cxd3
34. Nd2 Re8 35. f5 Rb8 36. Rc1 Bd5 37. Be5 Rd8 38. Rc7 Re8 39. f6 Bxf6 40. Bxf6
gxf6 41. Rc5 Re5 42. b4 Ke7 43. Nb1 Ke6 44. Nc3 d2 45. Kf2 Kd6 46. h4 f5 47.
gxf5 f6 48. Ra5 Kd7 49. Rb5 d1=Q 50. Nxd1 Rxf5+ 51. Ke1 Rf3 52. Rxd5+ 1-0

[Event "MCRE_CF04"]
[Site "?"]
[Date "2005.??.??"]
[Round "?"]
[White "Blecha, Miroslav"]
[Black "Binas, Jindrich"]
[Result "1-0"]
[WhiteElo "2200"]
[BlackElo "2114"]
[PlyCount "79"]
[EventDate "2005.??.??"]
[EventType "corr"]
[EventRounds "2"]
[SourceDate "2004.06.03"]

1. e4 c5 2. Nf3 Nc6 3. d4 cxd4 4. Nxd4 Nf6 5. Nc3 e5 6. Ndb5 d6 7. Bg5 a6 8.
Na3 b5 9. Nd5 Be7 10. Bxf6 Bxf6 11. c3 Bg5 12. Nc2 Ne7 13. Ncb4 O-O 14. a4 bxa4
15. Qxa4 Nxd5 16. Nxd5 Bd7 17. Qa5 Qb8 18. b4 Bd8 19. Qa2 a5 20. Bc4 Bc6 21.
Qb2 axb4 22. Rxa8 Bxa8 23. Qxb4 Qxb4 24. cxb4 Bxd5 25. Bxd5 Bb6 26. Ke2 Rc8 27.
Ra1 Kf8 28. Ra6 Rb8 29. b5 Ke7 30. g4 h6 31. Bc6 Kd8 32. h4 g5 33. Ra3 Ke7 34.
h5 Rc8 35. f3 Rb8 36. Kd3 Ke6 37. Kc4 Bc5 38. Ra6 Bb6 39. Bd5+ Ke7 40. Kb4 1-0

[Event "MCRE_CF04"]
[Site "?"]
[Date "2005.??.??"]
[Round "?"]
[White "Blecha, Miroslav"]
[Black "Fric, Pavel"]
[Result "1-0"]
[WhiteElo "2200"]
[BlackElo "2000"]
[PlyCount "65"]
[EventDate "2005.??.??"]
[EventType "corr"]
[EventRounds "2"]
[SourceDate "2004.06.03"]

1. e4 c5 2. Nf3 Nc6 3. d4 cxd4 4. Nxd4 Nf6 5. Nc3 e5 6. Ndb5 d6 7. Bg5 a6 8.
Na3 b5 9. Nd5 Be7 10. Bxf6 Bxf6 11. c3 Bg5 12. Nc2 O-O 13. a4 bxa4 14. Rxa4 a5
15. Bc4 Rb8 16. b3 Kh8 17. h4 Bh6 18. g4 Bf4 19. Nce3 Bb7 20. Nf5 g6 21. g5
gxf5 22. Nf6 d5 23. Qh5 Qxf6 24. gxf6 dxc4 25. Rg1 Rg8 26. Rxg8+ Rxg8 27. Qxf7
Ba6 28. bxc4 fxe4 29. Qc7 Bc8 30. Kd1 Nb8 31. Rxa5 Bg4+ 32. Kc2 Nd7 33. Qd6 1-0

[Event "MCRE_CF04"]
[Site "?"]
[Date "2005.??.??"]
[Round "?"]
[White "Blecha, Miroslav"]
[Black "Houska, Jiri"]
[Result "1/2-1/2"]
[WhiteElo "2200"]
[BlackElo "2000"]
[PlyCount "80"]
[EventDate "2005.??.??"]
[EventType "corr"]
[EventRounds "2"]
[SourceDate "2004.06.03"]

1. e4 c5 2. Nf3 d6 3. d4 cxd4 4. Nxd4 Nf6 5. Nc3 g6 6. Be3 Bg7 7. f3 O-O 8. Qd2
Nc6 9. Bc4 Bd7 10. O-O-O Rc8 11. Bb3 Ne5 12. h4 h5 13. Bg5 Rc5 14. g4 hxg4 15.
h5 Nxh5 16. f4 Nc4 17. Qe2 Qc8 18. Nd5 Rxd5 19. exd5 Na5 20. Rhe1 Re8 21. Qd3
Bxd4 22. Qxd4 Nxb3+ 23. axb3 f6 24. Bh4 Bf5 25. Qd2 Nxf4 26. Kb1 Kg7 27. Bxf6+
exf6 28. Rxe8 Qxe8 29. Qxf4 Qe4 30. Qd2 Qf3 31. Re1 g5 32. Re3 Qf1+ 33. Ka2 Kg6
34. Qh2 g3 35. Rxg3 Qd1 36. Rc3 Qxd5 37. Qh8 Be4 38. Qc8 f5 39. Rh3 f4 40. Qf8
Qa5+ 1/2-1/2

[Event "MCRE_CF04"]
[Site "?"]
[Date "2005.??.??"]
[Round "?"]
[White "Blecha, Miroslav"]
[Black "Janocko, Petr"]
[Result "1-0"]
[WhiteElo "2200"]
[BlackElo "2200"]
[PlyCount "64"]
[EventDate "2005.??.??"]
[EventType "corr"]
[EventRounds "2"]
[SourceDate "2004.06.03"]

1. e4 d5 2. exd5 Qxd5 3. Nc3 Qa5 4. d4 Nf6 5. Bc4 Nc6 6. Nge2 Bd7 7. O-O e6 8.
a3 O-O-O 9. Bf4 Ne7 10. b4 Qh5 11. Qd2 Nf5 12. Ng3 Nxg3 13. fxg3 Bd6 14. Bxd6
cxd6 15. Be2 Qg6 16. Bd3 Qg4 17. Ne2 h6 18. b5 Kb8 19. Qb4 Bc8 20. Rae1 e5 21.
b6 a6 22. h3 Qg5 23. dxe5 dxe5 24. Kh2 Nd5 25. Qc5 Be6 26. Nc3 Qe7 27. Qa5 Qd6
28. Nxd5 Bxd5 29. Rd1 Qe6 30. Bf5 Qc6 31. c4 Qxc4 32. Rf2 Be6 1-0

[Event "MCRE_CF04"]
[Site "?"]
[Date "2005.??.??"]
[Round "?"]
[White "Fric, Pavel"]
[Black "Bednarik, Radovan"]
[Result "1-0"]
[WhiteElo "2000"]
[BlackElo "2201"]
[PlyCount "99"]
[EventDate "2005.??.??"]
[EventType "corr"]
[EventRounds "2"]
[SourceDate "2004.06.03"]

1. e4 d5 2. exd5 Nf6 3. d4 Nxd5 4. c4 Nb6 5. Nf3 Bg4 6. Be2 Nc6 7. d5 Bxf3 8.
gxf3 Ne5 9. f4 Ng6 10. f5 Nh4 11. Qd3 Qd7 12. Nc3 O-O-O 13. a4 a5 14. Nb5 e5
15. fxe6 fxe6 16. Qe4 Bb4+ 17. Kf1 Ng6 18. dxe6 Qe7 19. Rg1 Bd2 20. Bf3 c6 21.
Bxd2 Rxd2 22. Qe3 Nxc4 23. Qa7 cxb5 24. b3 Qc7 25. bxc4 b6 26. Qa8+ Qb8 27. Qe4
Qxh2 28. Qb7+ Kd8 29. Qxb6+ Qc7 30. Qxb5 Rd6 31. c5 Rd2 32. e7+ Nxe7 33. Rxg7
Rg8 34. Rxg8+ Nxg8 35. Re1 Ne7 36. c6 h6 37. Qc5 Rd6 38. Qe5 Kc8 39. Bg4+ Kb8
40. Qb5+ Ka8 41. Bf3 Ka7 42. Rxe7 Qxe7 43. Qxa5+ Kb8 44. Qb6+ Kc8 45. Bg4+ Re6
46. Bxe6+ Qxe6 47. Qb7+ Kd8 48. c7+ Ke8 49. c8=Q+ Qxc8 50. Qxc8+ 1-0

[Event "MCRE_CF04"]
[Site "?"]
[Date "2005.??.??"]
[Round "?"]
[White "Fric, Pavel"]
[Black "Berko, Michal"]
[Result "0-1"]
[WhiteElo "2000"]
[BlackElo "2064"]
[PlyCount "150"]
[EventDate "2005.??.??"]
[EventType "corr"]
[EventRounds "2"]
[SourceDate "2004.06.03"]

1. e4 e5 2. Nf3 Nf6 3. Nxe5 d6 4. Nf3 Nxe4 5. Nc3 Nxc3 6. dxc3 Be7 7. Be3 O-O
8. Qd2 Nd7 9. O-O-O c6 10. Nd4 d5 11. Nf5 Bf6 12. h4 Ne5 13. Nd4 Re8 14. h5 h6
15. Kb1 b5 16. Be2 Bd7 17. g4 Nc4 18. Bxc4 bxc4 19. Rhg1 Rb8 20. Ka1 c5 21. Ne2
Re6 22. Bxc5 Qa5 23. Bb4 Qa4 24. Nd4 Re4 25. g5 hxg5 26. Bd6 Rb7 27. f3 Rh4 28.
f4 Qa6 29. Be5 gxf4 30. Bxf4 Rxh5 31. Qe2 Rh4 32. Bc1 Qd6 33. Rdf1 Bh3 34. Rf2
Be5 35. Qf3 f6 36. Nf5 Bxf5 37. Qxf5 Qc6 38. Rff1 Qd7 39. Qg6 Rb8 40. Be3 Qc7
41. Qf5 Qc8 42. Qg6 Qb7 43. Rb1 Qf7 44. Qf5 a6 45. Rg2 Re8 46. Bf2 Rh6 47. Rbg1
g5 48. Qf3 Qb7 49. Bd4 Bxd4 50. cxd4 Qc6 51. Rf1 a5 52. a3 Kg7 53. Ka2 c3 54.
b3 Rh7 55. a4 Rh6 56. Qg3 Re7 57. Qf2 Qd6 58. Rg3 Rh5 59. Rxc3 Rh2 60. Qf3 Rh4
61. Qf5 Qe6 62. Qf2 Re4 63. Qh2 Re2 64. Qb8 Qe4 65. Qc8 Re8 66. Qc7+ Kg6 67.
Rd1 Rh8 68. Kb2 Re1 69. Rxe1 Qxe1 70. Qxa5 Rc8 71. Rc5 Qxa5 72. Rxa5 g4 73. Rc5
Rg8 74. Rc3 f5 75. Rg3 Kg5 0-1

[Event "MCRE_CF04"]
[Site "?"]
[Date "2005.??.??"]
[Round "?"]
[White "Fric, Pavel"]
[Black "Binas, Jindrich"]
[Result "1/2-1/2"]
[WhiteElo "2000"]
[BlackElo "2114"]
[PlyCount "51"]
[EventDate "2005.??.??"]
[EventType "corr"]
[EventRounds "2"]
[SourceDate "2004.06.03"]

1. e4 c5 2. Nf3 d6 3. d4 cxd4 4. Nxd4 Nf6 5. Nc3 g6 6. Be3 Bg7 7. f3 Nc6 8. Qd2
O-O 9. Bc4 Bd7 10. h4 Qb8 11. O-O-O b5 12. Bd5 Rc8 13. Bxc6 Bxc6 14. h5 b4 15.
Nce2 Nxh5 16. Rxh5 gxh5 17. Nf5 Rc7 18. Bh6 Bxh6 19. Nxh6+ Kh8 20. Nxf7+ Kg7
21. Ng5 Qg8 22. Nd4 Bd7 23. Nf5+ Bxf5 24. exf5 Rc4 25. Re1 Rac8 26. Kb1 1/2-1/2